000 01207nam a22003377a 4500
003 CHAP
005 20220817042105.0
008 971013s1983 r 00010 d
010 _a34267
011 _a35239
035 _a39355
040 _cCHAP
090 _aFolleto 8475
100 0 0 _aLuna Lorente, Francisco.
_969078
245 _aForrajeras anuales para los regadios mediterráneos
260 _aMadrid :
_bMinisterio de Agricultura, Pesca y Alimentación,
_c1983
300 _a27 p.
_b: ilus.
490 _aMinisterio de Agricultura. Hojas divulgadoras
_v; 17/83
590 _aBATCH-UPD
_b10
_c20130110
_lUCH01
_h0051
590 _aBATCH-UPD
_b10
_c20130110
_lUCH01
_h2056
590 _aBATCH-UPD
_b10
_c20130409
_lUCH01
_h2039
590 _aBATCH-UPD
_b10
_c20130914
_lUCH01
_h1319
590 _aCONVERSION
_b10
_c20130109
_lUCH01
_h1319
650 1 4 _aPlantas forrajeras.
_988943
710 0 _aEspaña. Ministerio de Agricultura, Pesca y Alimentación.
_937712
830 0 _aMinisterio de Agricultura. Hojas divulgadoras
_v; 17/83
901 _aBK
942 _cFOLL
949 _aFolleto 8475
_bBC
_cFOLL
_d-89744
_eTS1
_i39355
_mD
_si
949 _aFolleto 8475
_bBC
_cFOLL
_d-89745
_eTS2
_fc.2
_i39355
_mD
_si
999 _c34267
_d34267